|
|
|
|
| LEADER |
01688nam a2200469 a 4500 |
| 001 |
000092197 |
| 003 |
CZ BrMZK |
| 005 |
20220204175707.0 |
| 007 |
ta |
| 008 |
960815s1996 xr e 0bcze d |
| 015 |
|
|
|a cnb000167787
|
| 020 |
|
|
|a 80-902088-0-0
|
| 035 |
|
|
|a (OCoLC)37960029
|
| 040 |
|
|
|a BOA001
|b cze
|
| 043 |
|
|
|a e-cs---
|a e-uk---
|
| 045 |
|
|
|a x1x9
|
| 072 |
|
7 |
|a 358
|x Vojenské letectvo. Dělostřelectvo. Ženijní jednotky. Technické služby armády. Chemické vojsko
|2 Konspekt
|9 15
|
| 072 |
|
7 |
|a 929
|x Biografie
|2 Konspekt
|9 8
|
| 080 |
|
|
|a 358.4-051
|2 MRF
|
| 080 |
|
|
|a 94(100)"1939/1945"
|2 MRF
|
| 080 |
|
|
|a 929
|2 MRF
|
| 080 |
|
|
|a (437.3)
|2 MRF
|
| 080 |
|
|
|a (410)
|2 MRF
|
| 080 |
|
|
|a (082)
|2 MRF
|
| 080 |
|
|
|a (092)
|2 MRF
|
| 100 |
1 |
|
|a Trnka, Bohuslav,
|d 1931-2003
|7 jk01140122
|4 aut
|
| 245 |
1 |
0 |
|a Jihočeský letec Jiří Maňák /
|c Bohuš Trnka.
|
| 260 |
|
|
|a České Budějovice :
|b Jihočeské muzeum,
|c 1996
|
| 300 |
|
|
|a 83 s. :
|b il. ;
|c 20 cm
|
| 500 |
|
|
|a Bibliogr. - Text k il. též angl. - Souhrn angl.
|
| 600 |
1 |
7 |
|a Maňák, Jiří,
|d 1916-1992
|7 jn20000728395
|2 czenas
|
| 648 |
|
7 |
|a 20. století
|7 ch460558
|
| 648 |
|
4 |
|a 1916-1992
|
| 648 |
|
7 |
|a 1939-1945
|7 ch460653
|
| 650 |
0 |
7 |
|a vojenští letci
|z Česko
|7 ph127212
|y 20. století
|2 czenas
|
| 650 |
0 |
7 |
|a druhá světová válka (1939-1945)
|7 ph117270
|z Velká Británie
|2 czenas
|
| 655 |
|
7 |
|a sborníky
|7 fd163935
|2 czenas
|
| 655 |
|
7 |
|a biografie
|7 fd131909
|2 czenas
|
| 710 |
2 |
|
|a Jihočeské muzeum (České Budějovice, Česko)
|7 kn20010724341
|
| 910 |
|
|
|a BOA001
|b 2-1024.151
|
| 990 |
|
|
|a BK
|
| 996 |
6 |
|
|b 2610041263
|c 2-1024.151
|l MZK
|r Sklad / do 1 hodiny
|n 5
|p p.v.
|w 000092197
|u 000010
|a 1
|e BOA001
|j MZK50
|s P
|